Peter and the wolf : easy piano picture book
Αποθηκεύτηκε σε:
| Άλλοι συγγραφείς: | |
|---|---|
| Μορφή: | Βιβλίο |
| Γλώσσα: | English |
| Δημοσίευση: |
London :
Faber Music,
1991
|
| Θέματα: | |
| Ετικέτες: |
Προσθήκη ετικέτας
Δεν υπάρχουν, Καταχωρήστε ετικέτα πρώτοι!
|
MARC
| LEADER | 00000nam a2200000 i 4500 | ||
|---|---|---|---|
| 001 | 1/75773 | ||
| 008 | 971103s1991 eng d | ||
| 020 | |a 0-571-51240-2 | ||
| 035 | |a 1992 |b 2 |c Σακελλαρίδης |l 10032218 | ||
| 040 | |a GR-MY-UA |b gre |e aacr | ||
| 041 | 0 | |a eng | |
| 082 | 0 | |a 372.87 | |
| 245 | 1 | 0 | |a Peter and the wolf : |b easy piano picture book / |c original text and music by Sergei Prokofiev ; Story retold by Catherine Storr ; Music arrangements by Arthur Campbell ; illustrations by Ann Aldred |
| 260 | |a London : |b Faber Music, |c 1991 | ||
| 300 | |a 24 p. | ||
| 650 | 0 | 0 | |a Children's literature. |
| 650 | 0 | 0 | |a Music |x Instruction and study. |
| 700 | 1 | |a Prokofiev, Sergey |d 1891-1953. | |
| 852 | |a INST |b RHODES |e 19971103 |h 372.87 PET |p 005400008149 |q 005400008149 |t BK |y 0 | ||
| 909 | |a Ρ |b 023430 |c 1992 | ||
| 970 | |z 2000/08/ΔΕΜΕΝΑΓΑΣ ΠΕΤΡΟΣ | ||